Medicina legal del trabajo. (Registro nro. 653)

Detalles MARC
000 -LEADER
fixed length control field 01797 am a2200349 a 4500
005 - FECHA ULTIMA MODIFICACION
control field 20240701132015.0
008 - CAMPO DE CONTROL (LIBRO)
fixed length control field 100831s1988||||ag d f |||| 001 0 spa d
020 ## - INTERNATIONAL STANDARD BOOK NUMBER
ISBN 9509901989
041 ## - CODIGO DE IDIOMA
Código de idioma del texto/pista de sonido o título separado spa
092 ## - SIGNATURA TOPOGRAFICA DEWEY LOCAL
número de clasificación 614.1
libristica 3
sección ALV
100 1# - ENTRADA PRINCIPAL--NOMBRE PERSONAL
Nombre personal Álvarez Chavez, Victor Hugo.
9 (RLIN) 1380
245 ## - TITULO PROPIAMENTE DICHO
Título Medicina legal del trabajo.
Subtítulo y Título paralelo Doctrina. Legislación. Jurisprudencia sistematizada /
Mención de responsabilidad y remanente de la transcripción de la portada Victor Hugo Álvarez Chavez
250 ## - MENCION DE EDICION
Mención de edición 1a ed.
260 ## - PIE DE IMPRENTA
Lugar de publicación, distribución, etc Buenos Aires:
Nombre de la editorial, distribuidor, etc Ediciones Jurídicas;
Fecha de publicación 1988.
300 ## - DESCRIPCION FISICA
Extension 551 p.
500 ## - NOTA GENERAL
Nota general Álvarez Chavez, V. H. y Solis Cabrera, R. W. (1988). Medicina legal del trabajo. Doctrina. Legislación. Jurisprudencia sistematizada. (1a ed.). Buenos Aires : Ediciones Jurídicas.
590 ## - NOTAS LOCALES (RLIN)
Nota local Donación de Dra Teresa Giulitta.
653 ## - TÉRMINO INDIZADO - PALABRAS CLAVES
Palabra clave Infortunios laborales
653 ## - TÉRMINO INDIZADO - PALABRAS CLAVES
Palabra clave Incapacidades laborativas
653 ## - TÉRMINO INDIZADO - PALABRAS CLAVES
Palabra clave Enfermedades producidas por el esfuerzo
653 ## - TÉRMINO INDIZADO - PALABRAS CLAVES
Palabra clave Trauma y enfermedades profesionales
653 ## - TÉRMINO INDIZADO - PALABRAS CLAVES
Palabra clave Enfermedades profesionales
653 ## - TÉRMINO INDIZADO - PALABRAS CLAVES
Palabra clave Saturnismo. Hidrargirismo. Oftalmia amoniacal. Enfisema pulmonar. Arsenicismo. Hidrocarburismo. Fosforismo. Sulfucarburismo
653 ## - TÉRMINO INDIZADO - PALABRAS CLAVES
Palabra clave Enfermedades de "Caissons". Inspección carbonosa o antrax. Dematosis. Anquilostomiasis o urcinariasis. Brucelosis. Transtornos patológicos debidos al radio, rayos X y substancias radioactivas
653 ## - TÉRMINO INDIZADO - PALABRAS CLAVES
Palabra clave Epiteliomas primitivos de la piel por: alquitran, brea, betun, aceites minerales o compuestos
653 ## - TÉRMINO INDIZADO - PALABRAS CLAVES
Palabra clave Bronquitis. Cronismo. Peste bubonica, Anilismo. Paludismo. Hernia. Tifus exantematico. Nefritis. Reumatismo
653 ## - TÉRMINO INDIZADO - PALABRAS CLAVES
Palabra clave Indemnización de los infortunios del trabajo en la jurisprudencia
653 ## - TÉRMINO INDIZADO - PALABRAS CLAVES
Palabra clave Fallos plenarios de interes médico legal
700 1# - ENTRADAS SECUNDARIAS - NOMBRE PERSONAL
Nombre personal Solis Cabrera, Ricardo W.
9 (RLIN) 1381
930 ## - NUMERO DE INVENTARIO
Número de inventario 288
942 ## - ADDED ENTRY ELEMENTS (KOHA)
Source of classification or shelving scheme Dewey Decimal Classification
Item type Libros
Existencias
Estado de retiro Existencia Estado general No para prestamo Ubicación permanente ubicación actual Sala de ubicación Fecha de adquisición Total Checkouts Total Renewals Número de clasificación Código de barras Date last seen Date last borrowed Número de ejemplar Price effective from Koha tipo de elemento (item)
        Biblioteca Medicina Biblioteca Medicina Circulación 13/05/2011 1 2 614.1 3 ALV 288 06/11/2014 10/03/2014 ej.1 13/05/2011 Libros

UNIVERSIDAD NACIONAL DEL COMAHUE
Biblioteca de la Facultad de Ciencias Médicas
Sede Toschi: Los Arrayanes y Av. Toschi, Cipolletti  - Rio Negro
Sede Los Tordos:  Yrigoyen al 2211, Cipolletti - Rio Negro 

Teléfono: 0299 - 4774707 int 25
Contacto: biblioteca@facimed.uncoma.edu.ar
© 2011 - 2026